| 000 -LEADER |
| fixed length control field |
00795nam a22002417a 4500 |
| 005 - DATE AND TIME OF LATEST TRANSACTION |
| control field |
20220801155719.0 |
| 008 - FIXED-LENGTH DATA ELEMENTS--GENERAL INFORMATION |
| fixed length control field |
220801b ||||| |||| 00| 0 eng d |
| 020 ## - INTERNATIONAL STANDARD BOOK NUMBER |
| International Standard Book Number |
9789673850983 |
| 040 ## - CATALOGING SOURCE |
| Transcribing agency |
KH8 |
| 082 ## - DEWEY DECIMAL CLASSIFICATION NUMBER |
| Classification number |
FIC RED |
| 100 ## - MAIN ENTRY--PERSONAL NAME |
| Relator term |
Illustrator |
| Personal name |
Redcore |
| 245 ## - TITLE STATEMENT |
| Title |
Flight of the phoenix/ |
| Statement of responsibility, etc. |
story by Sherlock ; comic by Redcode. |
| 246 ## - VARYING FORM OF TITLE |
| Title proper/short title |
X-venture xplorers |
| 250 ## - EDITION STATEMENT |
| Edition statement |
1st ed. |
| 260 ## - PUBLICATION, DISTRIBUTION, ETC. |
| Place of publication, distribution, etc. |
Singapore : |
| Name of publisher, distributor, etc. |
Art Square Creation, |
| Date of publication, distribution, etc. |
2012. |
| 300 ## - PHYSICAL DESCRIPTION |
| Extent |
156 pages : |
| Other physical details |
color illustrations ; |
| Dimensions |
20 cm. |
| 440 ## - SERIES STATEMENT/ADDED ENTRY--TITLE |
| Title |
X-venture lost legends series |
| 546 ## - LANGUAGE NOTE |
| Language note |
Translated from Chinese. |
| 650 ## - SUBJECT ADDED ENTRY--TOPICAL TERM |
| Topical term or geographic name entry element |
Science fiction comic books, strips, etc. |
| 650 ## - SUBJECT ADDED ENTRY--TOPICAL TERM |
| Topical term or geographic name entry element |
China -- History -- Qin dynasty, 221-207 B.C. -- Comic books, strips, etc. |
| 700 ## - ADDED ENTRY--PERSONAL NAME |
| Personal name |
Sherlock |
| Titles and other words associated with a name |
Story |
| 942 ## - ADDED ENTRY ELEMENTS (KOHA) |
| Source of classification or shelving scheme |
|
| Koha item type |
Graphic Novel |